000 00486nam a2200169Ia 4500
008 230917s9999||||xx |||||||||||||| ||und||
020 _cRS750
040 _e242418
_aMAIN
041 _aEnglish
082 _a338.4791 N312T
100 _aNegi, Jagmohan
245 0 _aTourist guide and tour operation: Planning and organising
260 _aNew Delhi
_bKanishka Publications
_c2012
300 _axvi, 354 p.
500 _a2887 26/09/2017 HBD17/7056 26/09/2017 IHTM (SFS)
942 _cBK
999 _c24153
_d24153